| 000 | 01027cam a22002054a 4500 | ||
|---|---|---|---|
| 005 | 20250605164407.0 | ||
| 008 | 250528s ||||||||||||||||||||||||d | ||
| 035 | _a24869 | ||
| 020 | _a9780415428620 | ||
| 040 |
_aGR-AtMCL _bgre _dGR-AtMCL _eAACR2 |
||
| 245 | 1 | _aPersonal Finance and Investments / A Behavioural Finance Perspective | |
| 250 | _a1st | ||
| 260 |
_bRoutledge - Taylor & Francis Group, _c2008 |
||
| 300 | _a910 | ||
| 520 | _aThis book will help the reader to grasp the relevant principles of money management. Preface, Introduction, The Psychology of Personal Investment Decisions, Basics of Money and Bond and Property Markets, Basic of Stocks Markets, Institutional Investments, Capital Market Theory, Portfolio Management, Investment Analysis, Market Efficiency, Stock Index Futures, Stock Options, International Investing: Using Currency Derivatives, Bond and Interest Rate Analysis, Glossary, References, Index. | ||
| 700 | 1 |
_aRedhead Keith _91617 |
|
| 942 | _cBK | ||
| 999 |
_c9706 _d9706 |
||